000 00572nam a2200229Ia 4500
003 GCL
008 140319s9999 xx 000 0 eng d
040 _aGCL /
_cGCL
082 0 4 _a332.064
_bW P
100 1 _aTHE WORLD BANK
245 1 0 _aPRICE PROSPECTS FOR MAJOR PRIMARY COMMODITIES 1990-2005 /
_cTHE WORLD BANK
260 _a[S.N] :
_bTHE WORLD BANK
650 0 4 _aENERGY
650 0 4 _aBANKING
650 0 4 _aOIL INDUSTRY
650 0 4 _aECONOMICS
650 0 4 _aBUSINESS
650 0 4 _aMARKETING
650 0 4 _aMETALS
650 0 4 _aINVESTMENTS
942 _2ddc
_cBK
999 _c17109
_d17109